| 000 | 01254nam a2200349 a 4500 | ||
|---|---|---|---|
| 001 | 000109150 | ||
| 003 | CHAP | ||
| 005 | 20220329144039.0 | ||
| 008 | 140407s2013 mx sm |||||||spa d | ||
| 010 | _a105612 | ||
| 011 | _a106584 | ||
| 040 | _cCHAP | ||
| 090 | _aTesis | ||
| 100 | 1 |
_aMorales Bautista, Jesús _9126291 |
|
| 245 | 1 | 0 |
_aPropuesta de administración silvícola para la producción de piñón en el ejido La Florida, Cardonal, Hidalgo _h[En línea] _cpor Jesús Morales Bautista. |
| 260 |
_aChapingo, Méx. : _bEl autor, _c2013. |
||
| 500 | _aPara ver el contenido del material haga clic en la liga | ||
| 502 | _aTesis (Ing. Forestal ) -- UACH. División de Ciencias Forestales | ||
| 590 |
_aBATCH-UPD _b05 _c20141002 _lUCH01 _h0859 |
||
| 590 |
_aE6096MTM _b05 _c20140407 _lUCH01 _h1150 |
||
| 590 |
_aE6096MTM _b05 _c20140407 _lUCH01 _h1152 |
||
| 650 | 1 | 4 |
_aÁrboles _xPropagación. _96637 |
| 650 | 1 | 4 |
_aBosques _xAdmistración. _914044 |
| 650 | 1 | 4 |
_aBosques _zHidalgo. _914415 |
| 650 | 1 | 4 |
_aEjido La Florida, Cardonal, Hgo. _9126294 |
| 650 | 1 | 4 |
_aPinus cembroides. _988325 |
| 650 | 1 | 4 |
_aPiñón. _988477 |
| 856 |
_aFinding aid _uhttp://10.13.5.2/tesis/sist109150.pdf _zTeclea aquí |
||
| 901 | _aBK | ||
| 942 | _cTESIS | ||
| 942 | _n0 | ||
| 999 |
_c105612 _d105612 |
||